00863nam a22002417a 45000010005000000030006000050050017000110080041000280200018000690400029000870500008001160820009001241000029001332450085001622600034002473000042002815050008003235200176003315210020005075210020005276500041005477000033005883745FISKH20240429100139.0240429b cb ||||| |||| 00| 0 eng d a9780545342346 aFISKHbengcFISKHdFISKH a822 aFic  aRanberg, Chuck eauthor  aConcessions of a gym-class dropout /cA play by Chuck Ranberg and Patrick Daley  aNew York bScholastic c1992  a38 pages : billustrations ;c20 cm  aH  aTravis is sick of the gym teacher making fun of him and decides to get in shape by working out. He soon realizes that there is more to getting in shape than joining a gym.8 a440 bLexile 8 aH bRaz-Plus  aAfrican Americanvrealistic fiction  aDaley, Patric eillustrator